[Event "Corus B"]
[Site "Wijk aan Zee NED"]
[Date "2007.01.23"]
[Round "9"]
[White "Bu Xiangzhi"]
[Black "Jakovenko,D"]
[Result "1/2-1/2"]
[WhiteElo "2644"]
[BlackElo "2691"]

1.c4 Nf6 2.Nc3 e6 3.Nf3 d5 4.d4 Bb4 5.cxd5 exd5 6.Bg5 O-O 7.Rc1 h6 8.Bxf6 Qxf6
9.a3 Bxc3+ 10.Rxc3 c6 11.e3 Bg4 12.Qb3 Nd7 13.Qxb7 Rab8 14.Qxc6 Rxb2 15.Bd3 Qxc6
16.Rxc6 Rfb8 17.O-O R2b3 18.Ba6 Rxa3 19.Bc8 Ra2 20.Rc7 Bxf3 21.Rxd7 Rxc8
22.gxf3 a5 23.Rxd5 Ra8 24.Rb1 a4 25.Rdb5 Kh7 26.R5b2 Rxb2 27.Rxb2 a3 28.Ra2 Kg6
29.Kf1 Kg5 30.f4+ Kg4 31.Kg2 g5 32.h3+ Kf5 33.Kf3 Ke6 34.fxg5 hxg5 35.Ke4 f5+
36.Kd3 Kd5 37.f3 Ra7 38.Kc3 Rc7+ 39.Kd3 Ra7 40.Kc3 Rc7+ 41.Kb4 f4 42.Rxa3 fxe3
43.Rxe3 Kxd4 44.Re4+  1/2-1/2

[Event "Corus B"]
[Site "Wijk aan Zee NED"]
[Date "2007.01.26"]
[Round "11"]
[White "Atalik,S"]
[Black "Jakovenko,D"]
[Result "1/2-1/2"]
[WhiteElo "2586"]
[BlackElo "2691"]

1.d4 Nf6 2.c4 e6 3.Nc3 Bb4 4.Qc2 c5 5.dxc5 O-O 6.a3 Bxc5 7.Nf3 b6 8.Bf4 Bb7
9.Rd1 Nc6 10.e3 Nh5 11.Bg5 Be7 12.Bxe7 Nxe7 13.Be2 Nf6 14.O-O a6 15.Qd2 d5
16.cxd5 Nexd5 17.Nxd5 Bxd5 18.Rc1 Ne4 19.Qd4 Nc5 20.Bc4 Bxf3 21.Qxd8 Rfxd8
22.gxf3 Kf8 23.b4 Nd3 24.Bxd3 Rxd3 25.Rc7 g6 26.a4 a5 27.b5 Rad8 28.Rfc1 Ra3
29.R1c4 Rd5 30.h4 g5 31.Rb7 Ra2 32.Kg2 h6 33.hxg5 Rxg5+ 34.Rg4 Rxa4 35.Rxg5 hxg5
36.Rxb6 Rb4 37.Rb7 a4  1/2-1/2

[Event "Corus B"]
[Site "Wijk aan Zee NED"]
[Date "2007.01.28"]
[Round "13"]
[White "Werle,J"]
[Black "Jakovenko,D"]
[Result "0-1"]
[WhiteElo "2566"]
[BlackElo "2691"]

1.Nf3 g6 2.d4 Bg7 3.e4 c6 4.Bd3 d6 5.O-O Bg4 6.c3 Nd7 7.Nbd2 Ngf6 8.h3 Bxf3
9.Nxf3 Qc7 10.Be3 O-O 11.Qc2 Rfe8 12.a4 e5 13.dxe5 Nxe5 14.Nxe5 Rxe5 15.Bd4 Re7
16.a5 Rae8 17.Bxa7 Nxe4 18.Bb6 Qb8 19.Rfe1 d5 20.Re2 Qf4 21.Be3 Qh4 22.Rae1 f5
23.Bd4 Bxd4 24.cxd4 Qf6 25.Bxe4 dxe4 26.Qc4+ Qf7 27.Rc1 Ra8 28.b4 Rd7 29.Ra2 Ra6
30.Ra3 Kg7 31.f3 Qf6 32.fxe4 Rxd4 33.Qc5 Rxe4 34.Rd3 Qe7 35.Qc3+ Kh6 36.Rd4 Ra8
37.Rxe4 fxe4 38.Qe3+ Qg5 39.Kf2 Rf8+ 40.Ke2 Rf4 41.g3 Rf3 42.Qxg5+ Kxg5 43.Rc5+ Kf6
44.b5 cxb5 45.g4 Rxh3 46.g5+ Ke6 47.Rxb5 Ra3 48.Rxb7 Rxa5 49.Rxh7 Rxg5 50.Ke3 Rg4
51.Ra7 Kf6 52.Ra5 Kg7 53.Rb5 Kh6 54.Rb8 Kh5 55.Rh8+ Kg5 56.Rh7 Rg3+ 57.Kxe4 Kg4
58.Rh1 g5 59.Ra1 Kh4 60.Rf1 g4 61.Rh1+ Rh3 62.Rf1 Ra3 63.Kf4 Ra4+ 64.Ke3 Kg3
65.Rf8 Ra1 66.Ke2 Kh3 67.Rh8+ Kg2 68.Rg8 g3 69.Rg7 Ra8 70.Rg6 Re8+  0-1

[Event "Aeroflot Open"]
[Site "Moscow RUS"]
[Date "2007.02.14"]
[Round "1"]
[White "Anastasian,A"]
[Black "Jakovenko,D"]
[Result "0-1"]
[WhiteElo "2587"]
[BlackElo "2691"]

1.d4 Nf6 2.c4 e6 3.Nf3 Bb4+ 4.Nbd2 O-O 5.a3 Be7 6.e4 d5 7.e5 Nfd7 8.cxd5 exd5
9.b4 a5 10.b5 c5 11.Bb2 cxd4 12.Bxd4 Nc5 13.Bxc5 Bxc5 14.Bd3 Qe7 15.O-O Bxa3
16.Qb3 Bb4 17.Qxd5 Nd7 18.Qe4 g6 19.Qf4 Nc5 20.Bc4 Kg7 21.h4 Be6 22.Rfc1 Rad8
23.Ne4 Nxe4 24.Qxe4 Ba3 25.Re1 Bb2 26.Ra2 Bc3 27.Ree2 Bf5 28.Qf4 h5 29.Ra4 Bg4
30.Rc2 Rd1+ 31.Kh2 Bb4 32.g3 Bf5 33.Re2 Rfd8 34.Raa2 b6 35.Bb3 R1d3 36.Bc2 Rxf3
37.Qxf3 Bg4 38.Qf6+ Qxf6 39.exf6+ Kxf6 40.Re4 Be6 41.Ra1 Rd2 42.Rf4+ Kg7
43.Be4 Bd6 44.Rf3 Bg4 45.Rd3 Rxf2+ 46.Kh1 Bc5 47.Rd8 Be6 48.Rb8 Kf6 49.Rc1 Rb2
50.Rf1+ Kg7 51.Rd8 Be7 52.Ra8 Rxb5 53.Ra7 Bd6 54.Kg2 Rb4 55.Bc6 Bc5 56.Rd1 Rb2+
57.Kh1 Rf2 58.Bd5 Bxd5+ 59.Rxd5 Kf6 60.Ra6 Ke7 61.Rg5 Kd6 62.Ra7 Kc6 63.g4 Rf4
64.Kg2 Rxg4+ 65.Rxg4 hxg4 66.Rxf7 a4 67.Rg7 a3 68.Rxg6+ Kb5 69.Rg8 Kb4  0-1

[Event "Aeroflot Open"]
[Site "Moscow RUS"]
[Date "2007.02.15"]
[Round "2"]
[White "Jakovenko,D"]
[Black "Najer,E"]
[Result "1/2-1/2"]
[WhiteElo "2691"]
[BlackElo "2605"]

1.e4 e6 2.d4 d5 3.Nc3 dxe4 4.Nxe4 Nd7 5.Nf3 Ngf6 6.Nxf6+ Nxf6 7.Bd3 c5 8.dxc5 Bxc5
9.Bg5 O-O 10.Qd2 e5 11.O-O-O e4 12.Bxf6 Qxf6 13.Bxe4 Bg4 14.Kb1 h6 15.h3 Be6
16.Qe2 Rae8 17.Rhe1 Re7 18.Qb5 Bxf2 19.Rf1 Bb6 20.Nd4 Bd7 21.Qb4 Qe5 22.Nf5 Bxf5
23.Bxf5 Rd8 24.Bd3 Rd4 25.Qb3 Qe6 26.Qxe6 Rxe6 27.c3 Rdd6 28.Bc4 Rxd1+ 29.Rxd1 Re7
30.Kc2 g6 31.b4 Kg7 32.a4 Bc7 33.a5 f5 34.Bd5 b6 35.a6 Kf6 36.Bf3 h5 37.c4 Rh7
38.h4 Re7 39.Kb3 Ke6 40.Ka4 Rd7 41.Re1+ Be5 42.Kb5 Kd6 43.c5+ bxc5 44.bxc5+ Ke6
45.c6 Re7 46.Kc5 Kf6 47.Rb1 Bg3 48.Rb7 Re5+ 49.Bd5 Re7 50.Bg8 Re5+ 51.Bd5 Re7
52.Kb5 Rg7 53.Kc5 Ke5  1/2-1/2

[Event "Aeroflot Open"]
[Site "Moscow RUS"]
[Date "2007.02.21"]
[Round "8"]
[White "Jakovenko,D"]
[Black "Alekseev,Evgeny"]
[Result "1/2-1/2"]
[WhiteElo "2691"]
[BlackElo "2661"]

1.e4 c5 2.Nf3 Nc6 3.Bb5 d6 4.Bxc6+ bxc6 5.O-O e5 6.c3 Nf6 7.Re1 Bg4 8.d4 cxd4
9.cxd4 Nd7 10.Be3 Be7 11.Nbd2 exd4 12.Bxd4 O-O 13.h3 Be6 14.Nf1 Re8 15.Bc3 Nb6
16.Nd4 Bd7 17.Ng3 g6 18.a4 c5 19.a5 Nc4 20.Nde2 Ne5 21.Nf4 Bf8 22.b4 Bc6
23.bxc5 dxc5 24.Nd5 Bg7 25.Rc1 c4 26.Nb4 Bb5 27.Qc2 a6 28.Red1 Nd3 29.Bxg7 Kxg7
30.Qc3+ f6 31.Ra1 Qd6 32.Nd5 Rac8 33.Rd2 Kf7 34.Rb1 Qe5 35.Ne2 f5 36.f3 Qxc3
37.Nexc3 Rc5 38.Nb4 Rd8 39.Kf1 Ke6 40.Rbd1 fxe4 41.Nxe4 Re5 42.Nc3  1/2-1/2

[Event "8th Karpov"]
[Site "Poikovsky RUS"]
[Date "2007.03.15"]
[Round "1"]
[White "Bologan,V"]
[Black "Jakovenko,D"]
[Result "0-1"]
[WhiteElo "2658"]
[BlackElo "2691"]

1.d4 Nf6 2.c4 e6 3.Nf3 Bb4+ 4.Nbd2 O-O 5.a3 Be7 6.e4 d5 7.Qc2 dxe4 8.Nxe4 Nc6
9.Be3 Ng4 10.Bd3 f5 11.Nc3 Bf6 12.O-O-O g6 13.h3 Nxe3 14.fxe3 Bg7 15.Kb1 Rb8
16.h4 h5 17.c5 b6 18.cxb6 cxb6 19.Ne2 Qe8 20.Nf4 Bd7 21.Ng5 Na5 22.Qe2 Rf6
23.Nf3 b5 24.Ne5 b4 25.axb4 Nc6 26.Rh3 Nxb4 27.Rg3 Nxd3 28.Qxd3 Bc8 29.Qa3 Bb7
30.Nfxg6 Be4+ 31.Ka1 Kh7 32.Rc1 Rc8 33.b3 a5 34.Rc4 Rxc4 35.bxc4 Rxg6 36.Nxg6 Qb8  0-1

[Event "8th Karpov"]
[Site "Poikovsky RUS"]
[Date "2007.03.19"]
[Round "5"]
[White "Jakovenko,D"]
[Black "Sutovsky,E"]
[Result "1-0"]
[WhiteElo "2691"]
[BlackElo "2629"]

1.e4 e5 2.Nf3 Nc6 3.Bb5 a6 4.Ba4 Nf6 5.O-O Nxe4 6.d4 b5 7.Bb3 d5 8.dxe5 Be6
9.Be3 Be7 10.c3 O-O 11.Nbd2 Qd7 12.Re1 Nxd2 13.Qxd2 Na5 14.Bg5 c5 15.Bc2 Nc4
16.Qd3 g6 17.b3 Na3 18.Bd1 a5 19.Rc1 Rfe8 20.Qd2 b4 21.Bxe7 Qxe7 22.cxb4 axb4
23.Qh6 Bf5 24.Be2 Qf8 25.Qxf8+ Kxf8 26.Rxc5 Nc2 27.Rc1 Rxa2 28.Bd1 Rea8 29.Bxc2 Rxc2
30.R5xc2 Bxc2 31.Nd4 Bf5 32.f3 Ra2 33.Rc5 Ra1+ 34.Kf2 Ra2+ 35.Kg3 Bd3 36.h4 Bf1
37.Rc2 Ra3 38.Rc8+ Kg7 39.Rc7 Kg8 40.h5 gxh5 41.Rc8+ Kg7 42.Nf5+ Kg6 43.Ne7+  1-0

[Event "8th Karpov"]
[Site "Poikovsky RUS"]
[Date "2007.03.21"]
[Round "6"]
[White "Rublevsky,S"]
[Black "Jakovenko,D"]
[Result "1/2-1/2"]
[WhiteElo "2677"]
[BlackElo "2691"]

1.e4 e5 2.Nf3 Nc6 3.Nc3 Nf6 4.Bb5 Bb4 5.O-O O-O 6.d3 d6 7.Bg5 Bxc3 8.bxc3 Bd7
9.Rb1 a6 10.Ba4 Rb8 11.Re1 h6 12.Bh4 Ne7 13.Bb3 Ng6 14.Bg3 Be6 15.d4 Bxb3
16.axb3 Re8 17.Nd2 Qd7 18.f3 Nh5 19.Nc4 Nxg3 20.hxg3 Rbd8 21.Ne3 c6 22.c4 Ne7
23.dxe5 dxe5 24.c5 Qc7 25.Qe2 Nc8 26.Red1 Na7 27.Nc4 Nb5 28.Rxd8 Rxd8 29.Rd1 Nc3
30.Rxd8+ Qxd8 31.Qd2 Qxd2 32.Nxd2 Ne2+ 33.Kf2 Nd4 34.Nc4 f6 35.Na5 Nxc2 36.Nxb7 h5
37.Na5 Nd4 38.Ke3 g5 39.b4 Kf7 40.Kd3 h4 41.gxh4 gxh4 42.f4 Ke7 43.Nc4 Ne6
44.fxe5 Nf4+ 45.Ke3 Nxg2+ 46.Kf3 Ne1+ 47.Kg4 Nd3 48.exf6+ Kxf6 49.Kxh4 Nxb4
50.Kg3 Nd3  1/2-1/2

[Event "8th Karpov"]
[Site "Poikovsky RUS"]
[Date "2007.03.22"]
[Round "7"]
[White "Jakovenko,D"]
[Black "Alekseev,Evgeny"]
[Result "1-0"]
[WhiteElo "2691"]
[BlackElo "2661"]

1.e4 c5 2.Nf3 d6 3.d4 cxd4 4.Nxd4 Nf6 5.Nc3 a6 6.Be2 e5 7.Nb3 Be7 8.O-O O-O
9.Kh1 b6 10.Be3 Bb7 11.f3 b5 12.a4 b4 13.Nd5 Nxd5 14.exd5 Nd7 15.c3 bxc3
16.bxc3 Bg5 17.Bf2 f5 18.Rb1 Rf7 19.c4 Nf6 20.Qc2 g6 21.Rfd1 Rc8 22.c5 Kg7
23.Bc4 Rcc7 24.Na5 Bc8 25.cxd6 Rcd7 26.Nc6 Qe8 27.Rb8 Rb7 28.Ra8 e4 29.Ne7 Rfxe7
30.dxe7 e3 31.Bf1 exf2 32.d6  1-0

[Event "8th ch-Euro"]
[Site "Dresden GER"]
[Date "2007.04.03"]
[Round "1"]
[White "Maiwald,JU"]
[Black "Jakovenko,D"]
[Result "0-1"]
[WhiteElo "2489"]
[BlackElo "2691"]

1.d4 Nf6 2.c4 e6 3.Nf3 b6 4.a3 Bb7 5.Nc3 d5 6.Bg5 Be7 7.e3 Nbd7 8.Rc1 O-O
9.cxd5 exd5 10.Be2 h6 11.Bf4 c5 12.O-O a6 13.dxc5 bxc5 14.Qb3 Qc8 15.Rfd1 Rd8
16.Qa2 a5 17.Nb5 Nf8 18.Ne5 Ne6 19.Bg3 Ne4 20.Bh5 g6 21.Bg4 Nxg3 22.hxg3 h5
23.Bh3 g5 24.e4 g4 25.exd5 Ng5 26.d6 Bf8 27.Bxg4 hxg4 28.d7 Qb8 29.Nxg4 Ra6
30.Qc4 Rg6 31.f4 Ne6 32.Ne5 Rxg3 33.Rc2 Bg7 34.Nxf7 Kxf7 35.Rd6 Bd4+ 36.Kf1 Re3
37.Re2 Bd5 38.Qxd5 Qxb5 39.Qf5+ Kg8  0-1

[Event "8th ch-Euro"]
[Site "Dresden GER"]
[Date "2007.04.04"]
[Round "2"]
[White "Jakovenko,D"]
[Black "Bobras,P"]
[Result "1-0"]
[WhiteElo "2691"]
[BlackElo "2542"]

1.e4 e5 2.Nf3 Nc6 3.Bb5 a6 4.Ba4 Nf6 5.Qe2 b5 6.Bb3 Be7 7.c3 O-O 8.d4 exd4
9.e5 Ne8 10.cxd4 d5 11.Nc3 Bg4 12.Be3 Bb4 13.O-O Ne7 14.h3 Bh5 15.g4 Bg6
16.Nh4 c6 17.f4 f5 18.exf6 Nxf6 19.f5 Bf7 20.g5 Ne4 21.g6 hxg6 22.Nxe4 dxe4
23.fxg6 Bxb3 24.Qh5  1-0

[Event "8th ch-Euro"]
[Site "Dresden GER"]
[Date "2007.04.05"]
[Round "3"]
[White "Savchenko,B"]
[Black "Jakovenko,D"]
[Result "1/2-1/2"]
[WhiteElo "2562"]
[BlackElo "2691"]

1.e4 c5 2.Na3 e6 3.f4 Nc6 4.Nf3 d5 5.e5 Nh6 6.c3 Bd7 7.Nc2 Nf5 8.d4 cxd4
9.cxd4 Rc8 10.Bd2 Qb6 11.Bc3 Nb4 12.Nxb4 Bxb4 13.Bxb4 Qxb4+ 14.Qd2 Qb6 15.Be2 Bb5
16.Bxb5+ Qxb5 17.Kf2 O-O 18.Rac1 h6 19.b3 a5 20.g4 Ne7 21.Rxc8 Rxc8 22.Rc1 Rxc1
23.Qxc1 Qd3 24.Qd2 Qe4 25.Qxa5 Ng6 26.Qe1 Qxf4 27.h3 f5 28.exf6 Qxf6 29.Kg3 Nf4
30.h4 Ng6 31.Qc1 Qd8 32.h5 Qd6+ 33.Kf2 Ne7 34.a4 Nc6 35.g5 Qf8 36.Qe3 Qf5
37.gxh6 gxh6 38.b4 Nxb4 39.Qxh6 Nc6 40.Kg3 b6 41.Qc1 Ne7 42.Qc7 Qf6 43.Qxb6 Nf5+
44.Kf2 Kh7 45.Qxe6 Qxe6 46.Ng5+ Kh6 47.Nxe6 Kxh5 48.a5 Nd6 49.Nc7 Kg6 50.a6 Nc8
51.Ke3 Kf7 52.Kf4 Kf6 53.Nxd5+ Ke6 54.Nb4 Kd6 55.Ke4 Na7 56.Kd3 Kc7 57.Kc4 Kb6
58.Kd5 Kb5 59.Kd6 Kxb4 60.Kc7 Kb5 61.Kb7 Nc6 62.Kc7 Na7 63.Kb7 Nc6 64.d5 Na5+
65.Ka8  1/2-1/2

[Event "8th ch-Euro"]
[Site "Dresden GER"]
[Date "2007.04.07"]
[Round "5"]
[White "Khairullin,I"]
[Black "Jakovenko,D"]
[Result "0-1"]
[WhiteElo "2586"]
[BlackElo "2691"]

1.e4 c5 2.Nf3 d6 3.d4 cxd4 4.Nxd4 Nf6 5.Nc3 a6 6.Be3 Ng4 7.Bg5 h6 8.Bh4 g5
9.Bg3 Bg7 10.h3 Nf6 11.Be2 Qb6 12.Nb3 Nc6 13.Nd5 Nxd5 14.exd5 Ne5 15.h4 Bf5
16.hxg5 hxg5 17.Rxh8+ Bxh8 18.Qd2 Bf6 19.Bxe5 Bxe5 20.Qxg5 Bg6 21.Bd3 Bxb2
22.Rd1 Qb4+ 23.Kf1 Bf6 24.Qg3 Bxd3+ 25.cxd3 O-O-O 26.Qf3 Kb8 27.Qe4 Qb6 28.Rc1 Rh8
29.g3 Rh5 30.Qc4 Rh1+ 31.Ke2 Rh2 32.d4 Qd8 33.Qd3 Qd7 34.Qe4 Qb5+ 35.Kf3 Rh5
36.Rb1 Qxd5 37.Qxd5 Rxd5 38.Ke4 Rb5 39.Rh1 a5 40.Kd3 a4 41.Nc1 Rb4 42.Ne2 Rb2
43.a3 Rb3+ 44.Nc3 e5 45.Kc4 exd4 46.Nxa4 Rf3 47.Nb6 Be5 48.Re1 Ka7 49.Nd7 Bg7
50.Re2 d3 51.Rd2 Bh6 52.Rxd3 b5+ 53.Kc3 Bg7+ 54.Kc2 Rxd3  0-1

[Event "8th ch-Euro"]
[Site "Dresden GER"]
[Date "2007.04.08"]
[Round "6"]
[White "Jakovenko,D"]
[Black "Landa,K"]
[Result "1/2-1/2"]
[WhiteElo "2691"]
[BlackElo "2596"]

1.e4 e5 2.Nf3 Nc6 3.Bb5 a6 4.Ba4 Nf6 5.O-O Bc5 6.c3 b5 7.Bb3 d6 8.a4 Bg4
9.axb5 axb5 10.Rxa8 Qxa8 11.h3 Bxf3 12.Qxf3 O-O 13.d3 Na5 14.Bc2 b4 15.Bg5 Qd8
16.d4 b3 17.Bd3 exd4 18.cxd4 Bxd4 19.Qf5 Be5 20.Bc1 Nd7 21.Nd2 Nc5 22.Bb1 Qf6
23.Qh5 g6 24.Qe2 Nc6 25.Nc4 Bf4 26.Ne3 Qe6 27.Qf3 Nd4 28.Qd1 Nc2 29.Nxc2 bxc2
30.Bxc2 Bxc1 31.Qxc1 Rb8 32.Re1 Qe5 33.b3 Ne6 34.Bd1 h5 35.h4 Kg7 36.g3 Ra8
37.Be2 Nd4 38.Qxc7 Ra1 39.Rxa1 Nxe2+ 40.Kf1 Nxg3+ 41.fxg3 Qxa1+ 42.Kg2 Qb2+
43.Kh3 Qa1 44.Kg2 Qb2+ 45.Kh3  1/2-1/2

[Event "8th ch-Euro"]
[Site "Dresden GER"]
[Date "2007.04.13"]
[Round "10"]
[White "Laznicka,V"]
[Black "Jakovenko,D"]
[Result "1/2-1/2"]
[WhiteElo "2608"]
[BlackElo "2708"]

1.d4 d5 2.c4 e6 3.Nf3 c6 4.Qc2 Nf6 5.Bg5 Nbd7 6.e3 Qa5+ 7.Nbd2 c5 8.dxc5 Qxc5
9.a3 dxc4 10.Bxc4 b5 11.b4 Qc7 12.Bd3 Qxc2 13.Bxc2 a5 14.O-O Nd5 15.Bd3 axb4
16.axb4 Rb8 17.Rfc1 f6 18.Bh4 Bxb4 19.Bxb5 Ke7 20.Bf1  1/2-1/2

[Event "8th ch-Euro"]
[Site "Dresden GER"]
[Date "2007.04.14"]
[Round "11"]
[White "Jakovenko,D"]
[Black "Volokitin,And"]
[Result "1-0"]
[WhiteElo "2708"]
[BlackElo "2654"]

1.e4 c5 2.Nf3 d6 3.d4 cxd4 4.Nxd4 Nf6 5.Nc3 a6 6.Be2 e6 7.a4 Nc6 8.Be3 Be7
9.O-O O-O 10.f4 Qc7 11.Kh1 Re8 12.Bd3 Nb4 13.a5 Bd7 14.Qe1 Rac8 15.Qg3 Nh5
16.Qf3 Nf6 17.g4 e5 18.Nf5 exf4 19.Bb6 Qc6 20.g5 Nxe4 21.Bxe4 d5 22.Nxd5 Bxg5
23.Nc3 Rxe4 24.Nxe4 Qg6 25.Nxg5 Qxg5 26.Nd4 Nxc2 27.Rac1 Ne3 28.Rxc8+ Bxc8
29.Rg1 Qh4 30.Qe4 Bd7 31.Qe5 g6 32.Qb8+ Kg7 33.Bc5 Kh6 34.Qf8+ Kh5 35.Qxf7  1-0

[Event "8th ch-Euro T/B"]
[Site "Dresden GER"]
[Date "2007.04.15"]
[Round "2.2"]
[White "Tkachiev,V"]
[Black "Jakovenko,D"]
[Result "1-0"]
[WhiteElo "2652"]
[BlackElo "2708"]

1.d4 Nf6 2.c4 e6 3.g3 d5 4.Bg2 Bb4+ 5.Bd2 Be7 6.Nf3 O-O 7.O-O c6 8.Bf4 Nbd7
9.Qc2 b6 10.Rd1 Ba6 11.Ne5 Rc8 12.Nc3 Nxe5 13.dxe5 Nd7 14.cxd5 cxd5 15.e4 d4
16.Rxd4 Qc7 17.Rad1 Rfd8 18.h4 h6 19.h5 Nc5 20.Bf1 Bg5 21.Bxg5 Rxd4 22.Rxd4 Bxf1
23.Bf4 Ba6 24.Qd1 Qe7 25.Rd6 Kh7 26.Be3 Rc7 27.Bxc5 Rxc5 28.Rd7 Qg5 29.Rxa7 Bb5
30.Rxf7 Rxe5 31.Kg2 Bc6 32.f4 Qxh5 33.Qxh5 Rxh5 34.Re7 b5 35.Rxe6 Rc5 36.a3 Bd7
37.Re7 Bc6 38.Kf2 Rh5 39.Rc7 Be8 40.Nd5 Kg8 41.Kg2 Bf7 42.Ne7+ Kf8 43.Nf5 Bd5
44.exd5 Rxf5 45.Rc5 b4 46.a4 Ke8 47.Rb5 Kd7 48.Rxb4 Rxd5 49.Rb7+ Ke6 50.Rxg7 Kf5
51.Kh3 Rd1 52.Re7 Rh1+ 53.Kg2 Rb1 54.Re2 Ra1 55.b3 Ra3 56.Rb2 Kg4 57.Kf2 h5
58.Kg2 Ra1 59.b4 Ra3 60.b5 Rxg3+ 61.Kh1 Ra3 62.b6 Kg3 63.Rb1  1-0

[Event "8th ch-Euro T/B"]
[Site "Dresden GER"]
[Date "2007.04.15"]
[Round "2.1"]
[White "Jakovenko,D"]
[Black "Tkachiev,V"]
[Result "1/2-1/2"]
[WhiteElo "2708"]
[BlackElo "2652"]

1.e4 e5 2.Nf3 Nc6 3.Bb5 a6 4.Ba4 Nf6 5.O-O Be7 6.Re1 b5 7.Bb3 O-O 8.h3 Bb7
9.d3 Re8 10.c3 d6 11.Nbd2 h6 12.Nf1 Na5 13.Bc2 c5 14.Ne3 Bf8 15.Nh2 d5 16.Nhg4 Nxg4
17.Qxg4 d4 18.Nf5 Kh7 19.f4 g6 20.Ng3 exf4 21.Qxf4 Bg7 22.Bd2 Qe7 23.cxd4 Nc6
24.d5 Nb4 25.Bxb4 cxb4 26.Kh1 Bxb2 27.Rad1 Be5 28.Qf3 Rac8 29.Bb3 a5 30.a4 Rc3
31.Rb1 Rxb3 32.Rxb3 bxa4 33.Rbb1 a3 34.Ne2 a2 35.Rbd1 Bg7 36.Nf4 b3 37.d4 b2
38.e5 Ba8 39.Qb3 b1=Q 40.Rxb1 axb1=Q 41.Rxb1 h5 42.Qa4 Qd8 43.Rf1 g5 44.Nxh5 Qxd5
45.Rf2 Re6 46.Qc2+ Rg6 47.Qe2 Bc6 48.Nf6+ Bxf6 49.exf6 Rh6 50.Qe3 g4 51.Kg1 gxh3
52.Qg3 h2+ 53.Kh1 Rg6 54.Qh3+ Rh6 55.Qg3 Rg6 56.Qh3+ Kg8 57.Qc8+ Kh7 58.Qh3+ Rh6
59.Qg3 Rg6  1/2-1/2

[Event "8th ch-Euro T/B"]
[Site "Dresden GER"]
[Date "2007.04.15"]
[Round "3.2"]
[White "Jakovenko,D"]
[Black "Pavasovic,D"]
[Result "1-0"]
[WhiteElo "2708"]
[BlackElo "2567"]

1.e4 e5 2.Nf3 Nc6 3.Bb5 a6 4.Ba4 Nf6 5.O-O Be7 6.d3 b5 7.Bb3 d6 8.a4 Bg4
9.c3 O-O 10.Nbd2 Qd7 11.h3 Be6 12.Bc2 d5 13.d4 Nxe4 14.Nxe4 dxe4 15.Bxe4 exd4
16.axb5 axb5 17.Rxa8 Rxa8 18.Nxd4 Ra6 19.Nxc6 Rxc6 20.Qxd7 Bxd7 21.Bxc6 Bxc6
22.Bf4  1-0

[Event "8th ch-Euro T/B"]
[Site "Dresden GER"]
[Date "2007.04.15"]
[Round "3.1"]
[White "Pavasovic,D"]
[Black "Jakovenko,D"]
[Result "1/2-1/2"]
[WhiteElo "2567"]
[BlackElo "2708"]

1.e4 e5 2.Nf3 Nc6 3.d4 exd4 4.Nxd4 Bc5 5.Be3 Qf6 6.c3 Nge7 7.Bc4 O-O 8.O-O Ne5
9.Be2 Qg6 10.Nd2 d5 11.Bh5 Qf6 12.f4 N5g6 13.e5 Qh4 14.g3 Qh3 15.Bf3 Bb6
16.Bg2 Qd7 17.Bf2 Qd8 18.Qe2 Re8 19.a4 c6 20.Qh5 Nf8 21.N2f3 g6 22.Qh4 Nf5
23.Nxf5 Bxf5 24.Qh6 Be4 25.Ng5 Bxg2 26.Kxg2 f6 27.Nf3 fxe5 28.Nxe5 Qf6 29.a5 Bxf2
30.Rxf2 Re6 31.Nf3 Rae8 32.Nd4 R6e7 33.f5 c5 34.fxg6 Qxg6 35.Nf5 Re2 36.Qxg6+ hxg6
37.Nd6 R8e7 38.Nc8 Rxf2+ 39.Kxf2 Rf7+ 40.Kg2 a6 41.Rd1 d4 42.Nd6 Rc7 43.cxd4 cxd4
44.Rxd4 Rc2+ 45.Kf3 Rxb2 46.h4 b6 47.axb6 Rxb6 48.Ne4 a5 49.Ra4 Rb5 50.Nd6 Rd5
51.Nb7 Rd7 52.Nxa5 Ra7 53.Ra3 Kg7 54.Nc4 Rxa3+ 55.Nxa3 Kh6 56.g4 g5 57.h5 Nd7
58.Nc4 Nf6 59.Ne5 Ng8 60.Ke4  1/2-1/2

[Event "TCh-FRA Top 16"]
[Site "Montpellier FRA"]
[Date "2007.04.28"]
[Round "4"]
[White "Rozentalis,E"]
[Black "Jakovenko,D"]
[Result "0-1"]
[WhiteElo "2578"]
[BlackElo "2708"]

1.e4 e5 2.Nc3 Nc6 3.g3 h5 4.h3 Bc5 5.Bg2 h4 6.g4 Nge7 7.d3 Ng6 8.Nge2 Nd4
9.Nxd4 Bxd4 10.Ne2 Bb6 11.Be3 Bxe3 12.fxe3 d6 13.Qd2 Be6 14.c4 c6 15.Nc3 a6
16.a4 a5 17.O-O  0-1

[Event "TCh-FRA Top 16"]
[Site "Montpellier FRA"]
[Date "2007.04.29"]
[Round "5"]
[White "Jakovenko,D"]
[Black "Wojtaszek,R"]
[Result "1-0"]
[WhiteElo "2708"]
[BlackElo "2620"]

1.e4 c6 2.d4 d5 3.e5 Bf5 4.Nf3 e6 5.Be2 Nd7 6.O-O Bg6 7.Nbd2 Nh6 8.c3 Be7
9.Ne1 Nf5 10.Nd3 c5 11.Nf3 cxd4 12.cxd4 Bh5 13.Nf4 Bxf3 14.Bxf3 Qb6 15.Bg4 g6
16.Bxf5 gxf5 17.Be3 h5 18.Nxh5 Qxb2 19.a4 Qb6 20.Nf4 Qa6 21.a5 Nb8 22.Qa4+ Nc6
23.Rfb1 O-O-O 24.Rb5 Rd7 25.Rc1 Rc7 26.g3 Rg8 27.Nd3 Rg4 28.f4 Rg8 29.Bf2 Nb8
30.Nc5 Bxc5 31.Rbxc5 Rxc5 32.Rxc5+ Nc6 33.Qc2 Kb8 34.Qd2 Kc7 35.h4 b6 36.axb6+ axb6
37.Rc1 Kd7 38.h5 Na5 39.Qc3 Nc4 40.Ra1 Qb7 41.Kg2 Rh8 42.Qb4 Ke8 43.g4 Kd7
44.Qb5+ Kc7 45.g5 Ra8 46.Ra4 Qb8 47.Qb4 Kd7 48.h6 Rxa4 49.Qxa4+ Kc7 50.Kh3 Qg8
51.Kh4 Qg6 52.Qb3 Nd2 53.Qc3+ Nc4 54.Qb3 Kb7 55.Be1 Kc7 56.Bb4 Kb7 57.Bf8 Qg8
58.Qb4 Kc6 59.Qa4+ Kb7 60.Qd7+ Ka6 61.Bg7 Ne3 62.Qe7  1-0

[Event "TCh-RUS"]
[Site "Sochi RUS"]
[Date "2007.05.03"]
[Round "2"]
[White "Jakovenko,D"]
[Black "Timofeev,Arty"]
[Result "1/2-1/2"]
[WhiteElo "2708"]
[BlackElo "2658"]

1.e4 c5 2.Nf3 d6 3.d4 cxd4 4.Nxd4 Nf6 5.Nc3 Nc6 6.Bg5 e6 7.Qd2 a6 8.O-O-O Bd7
9.f3 Rc8 10.Nxc6 Bxc6 11.Kb1 Be7 12.h4 O-O 13.Bd3 b5 14.Ne2 Bb7 15.Nd4 Nd7
16.Qe3 Ne5 17.Be2 Qc7 18.f4 Nc6 19.Nxc6 Bxc6 20.Bxe7 Qxe7 21.Bf3 Qc7 22.Rd2 Rfd8
23.Rhd1 b4 24.h5 d5 25.e5 Ba4 26.b3 Bb5 27.Qd4 Qc3 28.Qxc3 Rxc3 29.Kb2 Rdc8
30.Ra1 g6 31.hxg6 hxg6 32.Bd1 Rg3 33.Bf3 g5 34.fxg5 Rxg5 35.Rd4 a5 36.a3 bxa3+
37.Rxa3 Rxe5 38.Rxa5 Be2 39.c4  1/2-1/2

[Event "TCh-RUS"]
[Site "Sochi RUS"]
[Date "2007.05.04"]
[Round "3"]
[White "Bareev,E"]
[Black "Jakovenko,D"]
[Result "1-0"]
[WhiteElo "2643"]
[BlackElo "2708"]

1.d4 Nf6 2.c4 e6 3.Nc3 Bb4 4.Qc2 c5 5.dxc5 O-O 6.a3 Bxc5 7.Nf3 b6 8.Bf4 Bb7
9.Rd1 Nc6 10.e3 Nh5 11.Bg3 h6 12.Be2 Rc8 13.Qd3 Nxg3 14.hxg3 Nb8 15.g4 Be7
16.Nb5 Ba6 17.Nfd4 Bxb5 18.Nxb5 a6 19.Nd6 Rc6 20.Ne4 b5 21.cxb5 axb5 22.b4 Ra6
23.O-O Qb6 24.Qb3 Qa7 25.Ra1 Rb6 26.a4 bxa4 27.Rxa4 Qc7 28.b5 d5 29.Nd2 Nd7
30.Qa2 Rc8 31.Nb3 Qe5 32.Nd4 Bd6 33.g3 Rc3 34.Ra8+ Kh7 35.Qd2 Rc7 36.f4 Qf6
37.g5 Qe7 38.Bd3+ g6 39.Qh2 Nb8 40.Qxh6+ Kg8 41.Bxg6 fxg6 42.Qxg6+ Qg7 43.Qxe6+ Qf7
44.Rxb8+ Rxb8 45.Qxd6  1-0

[Event "TCh-RUS"]
[Site "Sochi RUS"]
[Date "2007.05.06"]
[Round "5"]
[White "Volokitin,And"]
[Black "Jakovenko,D"]
[Result "0-1"]
[WhiteElo "2654"]
[BlackElo "2708"]

1.e4 c5 2.Nf3 Nc6 3.d4 cxd4 4.Nxd4 g6 5.c4 Nf6 6.Nc3 d6 7.Be2 Nxd4 8.Qxd4 Bg7
9.Be3 O-O 10.Qd2 a5 11.f3 a4 12.O-O Be6 13.Rab1 Qa5 14.Rfc1 Rfc8 15.b4 axb3
16.axb3 Qb4 17.Rc2 Nd7 18.Nd5 Qxd2 19.Rxd2 Kf8 20.b4 Ra3 21.Kf2 f5 22.exf5 Bxf5
23.Rbd1 Nf6 24.Nb6 Rc6 25.c5 Rxe3 26.Kxe3 Bh6+ 27.f4 dxc5 28.Rd8+ Kg7 29.bxc5 Re6+
30.Kf2 Bxf4 31.Nd5 Nxd5 32.R1xd5 Be3+ 33.Kf1 Be4 34.R5d7 Bc6 35.Bf3 Bb5+
36.Be2 Rf6+ 37.Ke1 Bf2+ 38.Kd1 Ba4+ 39.Kc1 Bxc5 40.Rxb7 Bc6 41.Rdd7 Ba3+
42.Kd1 Ba4+ 43.Ke1 Bb4+ 44.Rxb4 Bxd7 45.g3 Bc6 46.Rf4 Rd6 47.Rb4 g5 48.h4 h6
49.Kf2 Rd2 50.Rb6 Bd5 51.Ke3 Ra2 52.hxg5 hxg5 53.Rb1 Ra3+ 54.Kf2 Kf6 55.Rd1 e6
56.Rd2 Rc3 57.Rd1 Ke5 58.Re1 Kd4 59.Rd1+ Kc5 60.Ra1 e5 61.Ra5+ Kd4 62.Ra4+ Bc4
63.Bxc4 Rxc4 64.Ra2 Kd3 65.Ra3+ Rc3 66.Ra5 Rc2+ 67.Kf3 e4+ 68.Kg4 e3 69.Re5 Rc1
70.Kxg5 e2 71.g4 e1=Q 72.Rxe1 Rxe1 73.Kf6 Rf1+ 74.Ke6 Rg1 75.Kf5 Kd4 76.g5 Kd5
77.Kf6 Kd6 78.g6 Rf1+ 79.Kg7 Ke7 80.Kh7 Rg1  0-1

[Event "TCh-RUS"]
[Site "Sochi RUS"]
[Date "2007.05.09"]
[Round "8"]
[White "Riazantsev,A"]
[Black "Jakovenko,D"]
[Result "1/2-1/2"]
[WhiteElo "2621"]
[BlackElo "2708"]

1.d4 Nf6 2.c4 e6 3.Nf3 b6 4.g3 Ba6 5.Qb3 Nc6 6.Nbd2 d5 7.cxd5 exd5 8.Ne5 Bb7
9.Bg2 Be7 10.Nxc6 Bxc6 11.O-O O-O 12.Nf3 Bb7 13.Bf4 Re8 14.Rac1 Bd6  1/2-1/2

[Event "TCh-ESP Honor Gp2"]
[Site "Torrelavega ESP"]
[Date "2007.06.30"]
[Round "4"]
[White "Miton,K"]
[Black "Jakovenko,D"]
[Result "0-1"]
[WhiteElo "2653"]
[BlackElo "2708"]

1.d4 d5 2.c4 c6 3.Nc3 Nf6 4.Nf3 a6 5.c5 Bf5 6.Bf4 Nbd7 7.e3 e6 8.Be2 Ne4
9.Nxe4 Bxe4 10.b4 Be7 11.O-O g5 12.Bg3 h5 13.Be5 Rh7 14.Nd2 Bg6 15.f4 g4
16.e4 Bxe4 17.Nxe4 dxe4 18.Qc2 f6 19.Qxe4 Nf8 20.Rad1 fxe5 21.dxe5 Qc7 22.f5 Rd8
23.Rd6 Rf7 24.Bc4 Bxd6 25.exd6 Rxd6 26.cxd6 Qxd6 27.Bb3 Qe7 28.Qe5 Rxf5 29.Rxf5 exf5
30.Qb8+ Qd8 31.Qxb7 Qd4+ 32.Kf1 Qf4+ 33.Kg1 Qc1+ 34.Kf2 Nd7 35.Qxa6 Qf4+
36.Kg1 Qxb4 37.Qe2+ Kd8 38.g3 Qc3 39.Qf2 Ne5 40.Qb6+ Ke7 41.Qc7+ Nd7 42.Kg2 Qd2+
43.Kg1 h4 44.Qf4 Qxf4 45.gxf4 Nc5 46.Bc2 Ne4 47.a4 Nd6 48.Kf2 Kd7 49.Bd3 c5
50.Ke3 Kc6  0-1

[Event "CECLUB Finals"]
[Site "Calvia ESP"]
[Date "2007.10.21"]
[Round "2"]
[White "Jakovenko,D"]
[Black "Shirov,A"]
[Result "1/2-1/2"]
[WhiteElo "2710"]
[BlackElo "2739"]

1.e4 e5 2.Nf3 Nf6 3.Nxe5 d6 4.Nf3 Nxe4 5.d4 d5 6.Bd3 Bd6 7.O-O O-O 8.c4 c6
9.Re1 Bf5 10.Qb3 Na6 11.Nc3 dxc4 12.Bxc4 Nxc3 13.bxc3 b5 14.Bf1 Nc7 15.Bg5 Qd7
16.Ne5 Bxe5 17.dxe5 h6 18.Be3 Qe7 19.Qb4 Qxb4 20.cxb4 Nd5 21.Bc5 Rfc8 22.Bd6 a5
23.a3 axb4 24.axb4 Ra4 25.Rxa4 bxa4 26.Ba6 Rd8 27.Ra1 Nc3 28.Bb7 Be4 29.f3 Rd7
30.Bc8 Rd8 31.Bb7 Rd7 32.Bc8 Rd8 33.Bb7  1/2-1/2